| Tag |
First Indicator |
Second Indicator |
Subfields |
| LEADER |
00000cam a2200000 4500 |
| 001 |
in00000280921 |
| 005 |
20151010071319.0 |
| 008 |
691205s1969 mau b 00110 eng |
| 010 |
|
|
|a 74007469
|
| 035 |
|
|
|a (OCoLC)00045842
|
| 035 |
|
|
|9 ABE7193AM
|
| 040 |
|
|
|a DLC
|c DLC
|d TXA
|d UtOrBLW
|
| 049 |
|
|
|a TXAM
|c [702924]
|
| 050 |
0 |
0 |
|a BF637.C6
|b H32
|
| 082 |
0 |
|
|a 157/.9
|
| 100 |
1 |
|
|a Hansen, Donald A.
|
| 245 |
1 |
0 |
|a Explorations in sociology and counseling /
|c With essays by Jessie Bernard [and others] Edited by Donald A. Hansen.
|
| 264 |
|
1 |
|a Boston :
|b Houghton Mifflin,
|c [1969]
|
| 300 |
|
|
|a xvii, 456 pages ;
|c 25 cm.
|
| 336 |
|
|
|a text
|b txt
|2 rdacontent
|
| 337 |
|
|
|a unmediated
|b n
|2 rdamedia
|
| 338 |
|
|
|a volume
|b nc
|2 rdacarrier
|
| 504 |
|
|
|a Includes bibliographies.
|
| 650 |
|
0 |
|a Counseling.
|
| 650 |
|
0 |
|a Psychotherapy.
|
| 700 |
1 |
|
|a Bernard, Jessie,
|d 1903-1996.
|
| 999 |
|
|
|a MARS
|
| 999 |
f |
f |
|s aeecec64-8815-3e11-b2b2-83888bafc3d7
|i 72ac3bef-51fb-3d66-823d-a427b91a276e
|t 0
|
| 952 |
f |
f |
|p ric
|a Texas A&M University
|b Rellis Campus
|c Joint Library Facility
|d Remote Storage
|t 0
|e BF637.C6 H32
|h Library of Congress classification
|i unmediated -- volume
|m A14801689197
|
| 998 |
f |
f |
|a BF637.C6 H32
|t 0
|l Remote Storage
|